Entrepreneurial finance / (Record no. 2808)

MARC details
000 -LEADER
fixed length control field 00850cam a22001934a 4500
020 ## - INTERNATIONAL STANDARD BOOK NUMBER
ISBN 0132434792
022 ## - INTERNATIONAL STANDARD SERIAL NUMBER
ISSN 9780132434799
050 00 - CALL NUMBER
Classification number HG4027.7
Item number .A338
100 1# - AUTHOR
Personal name Adelman, Philip J.
245 10 - TITLE
Title Entrepreneurial finance /
Statement of responsibility, etc Philip J. Adelman, Alan M. Marks.
250 ## - EDITION
Edition statement 4th ed.
260 ## - PUBLICATION INFORMATION
Place of publication Upper Saddle River, N.J. :
Name of publisher Pearson Prentice Hall,
Year of publication c2007.
300 ## - DESCRIPTION
Number of Pages xii, 404 p. :
Other physical details ill. ;
Dimensions 26 cm.
500 ## - NOTES
General note includes index
505 ## - FORMATTED CONTENTS NOTE
Table of Content Financial and Economic Concepts --<br/>Financial Management and Planning --<br/>Financial Statements --<br/>Analysis of Financial Statements --<br/>Profit, Profitability, and Break-Even Analysis --<br/>Forecasting and Pro Forma Financial Statements --<br/>Working Capital Management --<br/>Time Value of Money --<br/>Capital Budgeting.
650 #0 - SUBJECTS
Topical Term Small business
General subdivision Finance.
700 1# - OTHER AUTHORS
Personal name Marks, Alan M.
942 ## - ADDED ENTRY ELEMENTS (KOHA)
Koha item type Books
Holdings
Withdrawn status Lost status Collection code Home library Current library Shelving location Date acquired Full call number Accession Number Koha item type
    Reference Methodist University Library Main Methodist University Library Main General Stacks 22/06/2008 HG4027.7 .A338 20323 Books
    Reference Methodist University Library Main Methodist University Library Main General Stacks 22/03/2007 HG4027.7 .A338 17938 Books
      Methodist University Library Main Methodist University Library Main General Stacks 22/03/2007 HG4027.7 .A338 17937 Books
      Methodist University Library Main Methodist University Library Main General Stacks 22/03/2007 HG4027.7 .A338 17939 Books
Copyright © 2026  MUG Library